[Event "Poznan op 28th"]
[Site "Poznan"]
[Date "2021.08.18"]
[Round "5"]
[White "Duszczak, Dariusz"]
[Black "Jagodzinski, Alan"]
[Result "1/2-1/2"]
[WhiteElo "1822"]
[BlackElo "1460"]
[PlyCount "41"]
[EventDate "2021.08.15"]
[EventType "swiss"]
[EventRounds "9"]
[EventCountry "POL"]
[SourceTitle "CBM 203 Extra"]
[Source "ChessBase"]
[SourceDate "2021.09.30"]
[SourceVersion "1"]
[SourceVersionDate "2021.09.30"]
[SourceQuality "1"]

1. e4 c5 2. Nf3 e6 3. c3 d5 4. exd5 Qxd5 5. d4 Nf6 6. Be2 Nc6 7. Be3 cxd4 8. Bxd4 Nxd4 9. cxd4 Bb4+ 10. Nc3 0-0 11. 0-0 Qa5 12. Qb3 Rd8 13. Rfd1 Bd7 14. Ne5 Bxc3 15. Nxd7 Rxd7 16. bxc3 Rc8 17. Rac1 Nd5 18. c4 Ne7 19. Bf3 Rcd8 20. d5 exd5 21. Bxd5 1/2-1/2

[Event "Poznan op 28th"]
[Site "Poznan"]
[Date "2021.08.15"]
[Round "2"]
[White "Zimochocki, Roman"]
[Black "Duszczak, Dariusz"]
[Result "0-1"]
[WhiteElo "1491"]
[BlackElo "1822"]
[PlyCount "102"]
[EventDate "2021.08.15"]
[EventType "swiss"]
[EventRounds "9"]
[EventCountry "POL"]
[SourceTitle "CBM 203 Extra"]
[Source "ChessBase"]
[SourceDate "2021.09.30"]
[SourceVersion "1"]
[SourceVersionDate "2021.09.30"]
[SourceQuality "1"]

1. d4 f5 2. g3 e6 3. Bg2 Nf6 4. c4 d5 5. cxd5 exd5 6. Nh3 c6 7. 0-0 Bd6 8. Bf4 0-0 9. Qb3 Kh8 10. Nc3 Nh5 11. Bxd6 Qxd6 12. e3 Nd7 13. Ne2 Ndf6 14. Nhf4 b6 15. Nxh5 Nxh5 16. Rfe1 Ba6 17. Rac1 Bc4 18. Qc3 Bb5 19. b3 Rac8 20. Qd2 Nf6 21. Nc3 Ba6 22. Bh3 g6 23. Bf1 Bxf1 24. Rxf1 Ne4 25. Nxe4 fxe4 26. Rc2 a5 27. Qe2 h5 28. f4 exf3 29. Rxf3 Rxf3 30. Qxf3 Rf8 31. Qg2 Qe6 32. Re2 Re8 33. Qf3 Kg7 34. Qg2 Qf5 35. Re1 g5 36. Qe2 g4 37. Rf1 Qe4 38. Re1 Rf8 39. Qa6 Qf3 40. Qe2 Qxe2 41. Rxe2 Rf3 42. Kg2 Kf6 43. Rf2 Rxf2+ 44. Kxf2 Kf5 45. a3 Ke4 46. Ke2 b5 47. Kd2 Kf3 48. Kd3 b4 49. a4 Kg2 50. e4 dxe4+ 51. Kxe4 Kxh2 0-1

[Event "Poznan op 27th"]
[Site "Poznan"]
[Date "2019.08.18"]
[Round "2"]
[White "Duszczak, Dariusz"]
[Black "Zakrzewski, Marek"]
[Result "0-1"]
[WhiteElo "1841"]
[BlackElo "2311"]
[PlyCount "64"]
[EventDate "2019.08.18"]
[EventType "swiss"]
[EventRounds "9"]
[EventCountry "POL"]
[SourceTitle "EXT 2020"]
[Source "ChessBase"]
[SourceDate "2019.10.17"]
[SourceVersion "1"]
[SourceVersionDate "2019.10.17"]
[SourceQuality "1"]

1. e4 c5 2. Nf3 e6 3. c3 Nf6 4. e5 Nd5 5. d4 cxd4 6. cxd4 d6 7. Nc3 Nxc3 8. bxc3 Qc7 9. Bd2 Nd7 10. Ng5 Be7 11. exd6 Bxd6 12. Qh5 Nf6 13. Bb5+ Kf8 14. Qf3 a6 15. Ba4 Rb8 16. 0-0 b5 17. Bb3 h6 18. Qh3 Bxh2+ 19. Qxh2 Qxh2+ 20. Kxh2 hxg5+ 21. Kg1 Ne4 22. Be1 Bd7 23. f3 Nd6 24. Bd2 f6 25. Rae1 Re8 26. g4 Kf7 27. d5 e5 28. Kg2 e4 29. Kg3 exf3 30. Rxe8 Kxe8 31. Re1+ Kd8 32. Bd1 f2 0-1

[Event "Poznan op 26th"]
[Site "Poznan"]
[Date "2018.08.25"]
[Round "8"]
[White "Szafranski, Maciej"]
[Black "Duszczak, Dariusz"]
[Result "0-1"]
[WhiteElo "1425"]
[BlackElo "1845"]
[PlyCount "42"]
[EventDate "2018.08.19"]
[EventType "swiss"]
[EventRounds "9"]
[EventCountry "POR"]
[SourceTitle "CBM 186 Extra"]
[Source "ChessBase"]
[SourceDate "2018.08.24"]
[SourceVersion "1"]
[SourceVersionDate "2018.08.24"]
[SourceQuality "1"]

1. e4 d5 2. exd5 Qxd5 3. Nc3 Qd6 4. d4 Nf6 5. Nf3 Bg4 6. Be2 a6 7. Be3 Nc6 8. Qd2 0-0-0 9. 0-0-0 e6 10. Kb1 Be7 11. h3 Bf5 12. g4 Ne4 13. Nxe4 Bxe4 14. Rhg1 Nb4 15. Ne5 Qd5 16. b3 Qa5 17. a4 b5 18. Qc3 bxa4 19. bxa4 Qxa4 20. Nd3 Bd6 21. Nc5 Bxc2+ 0-1

[Event "Poznan op 26th"]
[Site "Poznan"]
[Date "2018.08.24"]
[Round "7"]
[White "Duszczak, Dariusz"]
[Black "Lisiecki, Robert"]
[Result "1/2-1/2"]
[WhiteElo "1845"]
[BlackElo "1759"]
[PlyCount "94"]
[EventDate "2018.08.19"]
[EventType "swiss"]
[EventRounds "9"]
[EventCountry "POR"]
[SourceTitle "CBM 186 Extra"]
[Source "ChessBase"]
[SourceDate "2018.08.24"]
[SourceVersion "1"]
[SourceVersionDate "2018.08.24"]
[SourceQuality "1"]

1. e4 e5 2. Nc3 Nf6 3. f4 d5 4. exd5 Nxd5 5. fxe5 Nxc3 6. bxc3 Qh4+ 7. Ke2 Bg4+ 8. Nf3 Nc6 9. d4 0-0-0 10. Qe1 Qh5 11. Qg3 f6 12. h3 Bxf3+ 13. Qxf3 Qg6 14. Qd3 Qxd3+ 15. cxd3 fxe5 16. dxe5 Nxe5 17. d4 Ng6 18. Bg5 Be7 19. Bxe7 Nxe7 20. Re1 c5 21. Kf3 Rhf8+ 22. Kg4 Nd5 23. c4 Nf6+ 24. Kh4 Rxd4+ 25. g4 h5 26. Rg1 hxg4 27. hxg4 Ne4 28. Kh5 Rf6 29. g5 Ra6 30. Bh3+ Kd8 31. Bf5 Nd6 32. Bb1 Nxc4 33. Rgf1 Rad6 34. Rf7 Rd7 35. Rf8+ Kc7 36. Bf5 R7d5 37. Rf7+ Kb6 38. Rb1+ Ka6 39. Bc8 Nd6 40. Bxb7+ Nxb7 41. Rbxb7 c4 42. Rfc7 Rb5 43. Rxa7+ Kb6 44. a4 Ra5 45. Rcb7+ Kc6 46. Rc7+ Kb6 47. Rcb7+ Kc6 1/2-1/2

[Event "Poznan op 25th"]
[Site "Poznan"]
[Date "2017.08.23"]
[Round "5"]
[White "Litke, Slawomir"]
[Black "Duszczak, Dariusz"]
[Result "0-1"]
[WhiteElo "1730"]
[BlackElo "1892"]
[PlyCount "88"]
[EventDate "2017.08.20"]
[EventType "swiss"]
[EventRounds "9"]
[EventCountry "POL"]
[SourceTitle "CBM 180 Extra"]
[Source "ChessBase"]
[SourceDate "2017.10.06"]
[SourceVersion "1"]
[SourceVersionDate "2017.10.06"]
[SourceQuality "1"]

1. e4 d5 2. exd5 Qxd5 3. Nc3 Qd6 4. d4 Nf6 5. Nf3 a6 6. Be2 Nc6 7. 0-0 Bf5 8. a3 e6 9. h3 Be7 10. Be3 h6 11. Qd2 g5 12. b4 Ne4 13. Nxe4 Bxe4 14. c4 0-0-0 15. b5 Bxf3 16. c5 Qd7 17. bxc6 Bxc6 18. Qa5 Bb5 19. Bxb5 Qxb5 20. Qc3 Bf6 21. Rab1 Qc6 22. Rfc1 Rd5 23. Rb4 e5 24. dxe5 Bxe5 25. Bd4 Bxd4 26. Rxd4 Rhd8 27. Rxd5 Qxd5 28. Qf6 Qe6 29. Qf3 c6 30. Qc3 g4 31. h4 f5 32. Rb1 Qe2 33. Qb3 Qe7 34. Qb6 Qc7 35. Qb3 Qd7 36. Qb6 f4 37. Qa7 Qc7 38. Kf1 Re8 39. Rd1 Qe5 40. Rb1 Qc7 41. Rd1 g3 42. f3 Qe5 43. Rb1 Qe2+ 44. Kg1 Qf2+ 0-1

[Event "Poznan op 22nd"]
[Site "Poznan"]
[Date "2014.08.10"]
[Round "3"]
[White "Bzdega, Bartlomiej"]
[Black "Duszczak, Dariusz"]
[Result "0-1"]
[WhiteElo "1465"]
[BlackElo "1921"]
[PlyCount "50"]
[EventDate "2014.08.09"]
[EventType "swiss"]
[EventRounds "9"]
[EventCountry "POL"]
[SourceTitle "CBM 161 Extra"]
[Source "ChessBase"]
[SourceDate "2014.08.29"]
[SourceVersion "1"]
[SourceVersionDate "2014.08.29"]
[SourceQuality "1"]

1. d4 Nf6 2. c4 e6 3. Nc3 d5 4. Bg5 Nbd7 5. e3 c6 6. Nf3 Qa5 7. Bxf6 Nxf6 8. Nd2 Be7 9. Bd3 0-0 10. 0-0 Rd8 11. a3 Qc7 12. c5 e5 13. Be2 exd4 14. exd4 Bf5 15. Nf3 b6 16. b4 bxc5 17. dxc5 Ne4 18. Nb1 a5 19. Nd4 Bf6 20. f3 Ng5 21. g4 Bd7 22. Qd2 axb4 23. Rd1 Nh3+ 24. Kg2 Nf4+ 25. Kg1 Bxd4+ 0-1

[Event "POL-chT3 Wielkopolskie 1314"]
[Site "Poland"]
[Date "2014.02.16"]
[Round "7.15"]
[White "Tomczak, Michal"]
[Black "Duszczak, Dariusz"]
[Result "0-1"]
[WhiteElo "2010"]
[BlackElo "1961"]
[PlyCount "114"]
[EventDate "2013.10.27"]
[EventType "team-tourn"]
[EventRounds "11"]
[EventCountry "POL"]
[SourceTitle "EXT 2015"]
[Source "ChessBase"]
[SourceDate "2014.11.20"]
[SourceVersion "1"]
[SourceVersionDate "2014.11.20"]
[SourceQuality "1"]
[WhiteTeam "Srem LKS Piast"]
[BlackTeam "Kornik MUKS Wieza Kornicka"]
[WhiteTeamCountry "POL"]
[BlackTeamCountry "POL"]

1. e4 c6 2. d4 d5 3. Nc3 dxe4 4. Bc4 Nf6 5. f3 e6 6. fxe4 Bb4 7. e5 Ne4 8. Qd3 Nxc3 9. bxc3 Qh4+ 10. g3 Bxc3+ 11. Qxc3 Qe4+ 12. Kf2 c5 13. dxc5 0-0 14. Nf3 Nc6 15. Re1 Qf5 16. Bd3 Qh3 17. Re4 f6 18. Rh4 Qxh4 19. gxh4 fxe5 20. Kg3 Bd7 21. Nxe5 Nxe5 22. Qxe5 Bc6 23. Bb2 Rf3+ 24. Kg4 Rf6 25. Rf1 Raf8 26. Rxf6 Rxf6 27. Qh5 Bf3+ 28. Kg3 Bxh5 29. Bxf6 gxf6 30. Be4 Kf7 31. Bxb7 Ke7 32. Kf4 Bg6 33. c3 e5+ 34. Ke3 Bb1 35. Bd5 Kd7 36. a3 f5 37. Kf3 h6 38. Ke3 Bc2 39. Bg2 Bb1 40. c4 Bc2 41. Kd2 Bb1 42. Kc3 a5 43. Kb3 Be4 44. Bf1 Kc6 45. Kc3 Kxc5 46. Be2 Bc6 47. Kd3 Be8 48. Bf1 Bf7 49. Kc3 Be6 50. Bh3 a4 51. h5 e4 52. Bf1 f4 53. h3 f3 54. h4 e3 55. Bd3 e2 56. Kd2 Bxc4 57. Be4 f2 0-1

[Event "POL-chT2"]
[Site "Poronin"]
[Date "2013.09.07"]
[Round "1.69"]
[White "Duszczak, Dariusz"]
[Black "Krzywda, Andrzej"]
[Result "1-0"]
[WhiteElo "1941"]
[BlackElo "2136"]
[PlyCount "113"]
[EventDate "2013.09.06"]
[EventType "team-swiss"]
[EventRounds "9"]
[EventCountry "POL"]
[SourceTitle "EXT 2015"]
[Source "ChessBase"]
[SourceDate "2014.11.20"]
[SourceVersion "1"]
[SourceVersionDate "2014.11.20"]
[SourceQuality "1"]
[WhiteTeam "Kornik MUKS Wieza Kornicka"]
[BlackTeam "Chroscice LZS Victoria"]
[WhiteTeamCountry "POL"]
[BlackTeamCountry "POL"]

1. e4 c5 2. c3 Nf6 3. e5 Nd5 4. d4 cxd4 5. Nf3 Nc6 6. cxd4 d6 7. Nc3 Nxc3 8. bxc3 dxe5 9. d5 e4 10. dxc6 Qxd1+ 11. Kxd1 exf3 12. Bb5 Kd8 13. Bf4 e5 14. Bxe5 fxg2 15. c7+ Ke7 16. Re1 Bg4+ 17. Kc2 f6 18. Bf4+ Kf7 19. Bc4+ Kg6 20. Bd5 Bc5 21. Bxg2 Bxf2 22. Rf1 Bb6 23. Bxb7 Rae8 24. Rae1 Bh3 25. Rxe8 Rxe8 26. Rd1 Bg4 27. Rd2 Bf5+ 28. Kb3 Bxc7 29. Bxc7 Re7 30. Rg2+ Kh6 31. Bf4+ g5 32. Bxg5+ fxg5 33. Bd5 g4 34. c4 Kg5 35. c5 h5 36. Kc4 h4 37. c6 Kf4 38. Kc5 g3 39. Kd6 Rg7 40. c7 Bh3 41. hxg3+ hxg3 42. Rc2 Bc8 43. Rb2 Rd7+ 44. Kc6 Rh7 45. Rb8 Rh6+ 46. Kc5 Rh8 47. a4 Ke3 48. a5 Kf2 49. Rxc8 Rxc8 50. Kc6 Ke3 51. Kb7 Kd4 52. Bg2 Rf8 53. c8Q Rxc8 54. Kxc8 Kc5 55. Kb7 Kd6 56. Kxa7 Kc7 57. Ka6 1-0

[Event "Poznan op 21st"]
[Site "Poznan"]
[Date "2013.08.09"]
[Round "3"]
[White "Bednarska, Malgorzata"]
[Black "Duszczak, Dariusz"]
[Result "1-0"]
[WhiteElo "2080"]
[BlackElo "1968"]
[PlyCount "107"]
[EventDate "2013.08.07"]
[EventType "swiss"]
[EventRounds "9"]
[EventCountry "POL"]
[SourceTitle "CBM 155 Extra"]
[Source "ChessBase"]
[SourceDate "2013.08.26"]
[SourceVersion "1"]
[SourceVersionDate "2013.08.26"]
[SourceQuality "1"]

1. e4 c6 2. d4 d5 3. exd5 cxd5 4. c4 Nc6 5. Nc3 e5 6. dxe5 d4 7. Nd5 Nge7 8. Nxe7 Qa5+ 9. Bd2 Qxe5+ 10. Qe2 Bxe7 11. Nf3 Qc7 12. Qe4 0-0 13. Bd3 g6 14. 0-0 Bf5 15. Qe2 Bxd3 16. Qxd3 Bf6 17. Rae1 Rfe8 18. Re4 Rxe4 19. Qxe4 Qd7 20. Re1 Rd8 21. b3 a6 22. h3 h5 23. Kh1 Qd6 24. Bf4 Qb4 25. g4 hxg4 26. hxg4 Qc5 27. Kg2 Qe7 28. Qxe7 Bxe7 29. Bc7 Rd7 30. Bb6 f6 31. Rd1 Bb4 32. Ne1 Kf7 33. Nd3 Be7 34. f4 f5 35. g5 Bd8 36. Nc5 Re7 37. Bxd8 Nxd8 38. Rxd4 Nc6 39. Rd7 Rxd7 40. Nxd7 Nb4 41. a3 Nc2 42. Nc5 Nxa3 43. Nxb7 Nc2 44. Nc5 a5 45. Nb7 a4 46. bxa4 Ne3+ 47. Kf3 Nxc4 48. a5 Ke6 49. a6 Kd7 50. Nc5+ Kd6 51. Nd3 Nd2+ 52. Ke2 Nc4 53. Ne5 Nb6 54. Nxg6 1-0

[Event "POL-chT 3rd League Wielkopolska 12/13"]
[Site "Poznan"]
[Date "2013.02.03"]
[Round "6.27"]
[White "Snihur, Piotr"]
[Black "Duszczak, Dariusz"]
[Result "1-0"]
[WhiteElo "2069"]
[BlackElo "2005"]
[PlyCount "81"]
[EventDate "2012.11.25"]
[EventType "team-tourn"]
[EventRounds "11"]
[EventCountry "POL"]
[SourceTitle "EXT 2014"]
[Source "ChessBase"]
[SourceDate "2013.11.20"]
[SourceVersion "1"]
[SourceVersionDate "2013.11.20"]
[SourceQuality "1"]
[WhiteTeam "Konin UKS Smecz"]
[BlackTeam "Kornik MUKS Wieza Kornicka"]
[WhiteTeamCountry "POL"]
[BlackTeamCountry "POL"]

1. e4 c5 2. Nf3 e6 3. d4 cxd4 4. Nxd4 Nf6 5. Nc3 Bb4 6. e5 Ne4 7. Qg4 Nxc3 8. Qxg7 Rf8 9. a3 Nb5+ 10. axb4 Nxd4 11. Bd3 f6 12. Qxh7 Qe7 13. Qh5+ Kd8 14. exf6 Qd6 15. b5 b6 16. Be4 Nb3 17. Bxa8 Nxa1 18. Qe2 Qc5 19. Be4 d5 20. Bd3 Qb4+ 21. Bd2 Qxb2 22. 0-0 Qxf6 23. Qe1 Nxc2 24. Bxc2 Nd7 25. f4 Nc5 26. Bc3 Qh6 27. Be5 Bd7 28. Qb4 Rg8 29. Ra1 Qh3 30. Qd2 Bxb5 31. Rxa7 Bc6 32. Bg7 Qg4 33. Bf6+ Ke8 34. Bh7 Ne4 35. Bxe4 Qh5 36. Bh7 Rxg2+ 37. Qxg2 Qd1+ 38. Kf2 Qd2+ 39. Kg3 Qe3+ 40. Qf3 Qe1+ 41. Qf2 1-0

[Event "POL-chT 3rd League Wielkopolska 12/13"]
[Site "Poznan"]
[Date "2012.12.02"]
[Round "2.28"]
[White "Duszczak, Dariusz"]
[Black "Nowakowski, Jaroslaw"]
[Result "1/2-1/2"]
[WhiteElo "2005"]
[BlackElo "1785"]
[PlyCount "116"]
[EventDate "2012.11.25"]
[EventType "team-tourn"]
[EventRounds "11"]
[EventCountry "POL"]
[SourceTitle "EXT 2014"]
[Source "ChessBase"]
[SourceDate "2013.11.20"]
[SourceVersion "1"]
[SourceVersionDate "2013.11.20"]
[SourceQuality "1"]
[WhiteTeam "Kornik MUKS Wieza Kornicka"]
[BlackTeam "Szamotuly Baszta"]
[WhiteTeamCountry "POL"]
[BlackTeamCountry "POL"]

1. e4 e5 2. Nc3 Nc6 3. Bc4 Nf6 4. d3 Be7 5. Nge2 d6 6. 0-0 0-0 7. a3 h6 8. b4 a6 9. Bb2 Be6 10. Nd5 Bxd5 11. exd5 Nb8 12. Ng3 Nbd7 13. Bb3 Re8 14. Re1 Nf8 15. d4 exd4 16. Bxd4 Ng6 17. Nf5 Bf8 18. Rxe8 Nxe8 19. Qf3 Nh4 20. Nxh4 Qxh4 21. c3 Be7 22. Bc2 Bf6 23. g3 Qg5 24. Qd3 g6 25. Be3 Qe5 26. Bd2 Bg7 27. Re1 Qh5 28. Kg2 Qg4 29. h3 Qd7 30. Bd1 Nf6 31. c4 Re8 32. Bf3 Rxe1 33. Bxe1 Qe7 34. Bc3 Nd7 35. Bxg7 Kxg7 36. a4 Qe5 37. a5 f5 38. h4 Kf6 39. Qc2 Qd4 40. h5 g5 41. g4 Qe5 42. Kh3 Nf8 43. gxf5 Qxf5+ 44. Qxf5+ Kxf5 45. Bg4+ Ke5 46. Bc8 Kd4 47. Bxb7 Kxc4 48. Bxa6+ Kxb4 49. Bb7 Kxa5 50. Kg4 Nd7 51. Kf5 Ne5 52. f4 gxf4 53. Kxf4 Kb6 54. Bc8 c5 55. dxc6 Kxc6 56. Kf5 Nd3 57. Kg6 Nf4+ 58. Kxh6 Nxh5 1/2-1/2

[Event "POL-chT 2nd League"]
[Site "Mrzezyno"]
[Date "2011.09.06"]
[Round "4"]
[White "Walaszczyk, Witold"]
[Black "Duszczak, Dariusz"]
[Result "1-0"]
[WhiteElo "2245"]
[BlackElo "2039"]
[PlyCount "119"]
[EventDate "2011.09.03"]
[EventType "team-swiss"]
[EventRounds "9"]
[EventCountry "POL"]
[SourceTitle "EXT 2015"]
[Source "ChessBase"]
[SourceDate "2014.11.20"]
[SourceVersion "1"]
[SourceVersionDate "2014.11.20"]
[SourceQuality "1"]
[WhiteTeam "Konin Hetman"]
[BlackTeam "Kornik MUKS Wieza Kornicka"]
[WhiteTeamCountry "POL"]
[BlackTeamCountry "POL"]

1. d4 f5 2. c4 e6 3. Nf3 Nf6 4. g3 d5 5. Bg2 c6 6. Qc2 Bd6 7. 0-0 0-0 8. b3 Qe7 9. a4 Nbd7 10. Ba3 Bxa3 11. Nxa3 Ne4 12. Nd2 Nxd2 13. Qxd2 f4 14. b4 fxg3 15. hxg3 Rf6 16. e4 dxe4 17. Rfe1 Rh6 18. Rxe4 Nf6 19. Re5 Bd7 20. Nc2 Rf8 21. Ne3 Qf7 22. b5 Kh8 23. Re1 Rh5 24. Rxh5 Qxh5 25. Qb4 Qf7 26. Re2 h6 27. Qd6 Rc8 28. Qf4 Qg6 29. bxc6 Qb1+ 30. Nf1 bxc6 31. Qd2 Qb3 32. Qa2 Qxa2 33. Rxa2 Rb8 34. Ne3 Rb1+ 35. Kh2 a5 36. Bf3 Rb4 37. Kg2 Kg8 38. Kf1 Kf8 39. Ke1 Ke7 40. Kd2 h5 41. Kc3 g6 42. Ra1 c5 43. dxc5 Bxa4 44. Ra3 Kd7 45. Kd4 Ke7 46. Nd1 Bxd1 47. Bxd1 Rb2 48. Ke3 Rb4 49. Kd3 Nd7 50. Rxa5 Ne5+ 51. Kd4 Nc6+ 52. Kc3 Rb1 53. Bc2 Rf1 54. Ra6 Ne5 55. f4 Ng4 56. Ra7+ Kd8 57. c6 Rf3+ 58. Kd4 Rxg3 59. Kc5 Rg2 60. c7+ 1-0

[Event "POL-chT 2nd League"]
[Site "Mrzezyno"]
[Date "2011.09.04"]
[Round "2"]
[White "Duszczak, Dariusz"]
[Black "Sobczak, Miroslaw"]
[Result "0-1"]
[WhiteElo "2039"]
[BlackElo "1962"]
[PlyCount "118"]
[EventDate "2011.09.03"]
[EventType "team-swiss"]
[EventRounds "9"]
[EventCountry "POL"]
[SourceTitle "EXT 2015"]
[Source "ChessBase"]
[SourceDate "2014.11.20"]
[SourceVersion "1"]
[SourceVersionDate "2014.11.20"]
[SourceQuality "1"]
[WhiteTeam "Kornik MUKS Wieza Kornicka"]
[BlackTeam "Gniezno LKS Chrobry"]
[WhiteTeamCountry "POL"]
[BlackTeamCountry "POL"]

1. e4 d6 2. d4 Nf6 3. Nc3 g6 4. g3 Bg7 5. Bg2 c6 6. Nge2 0-0 7. 0-0 e5 8. h3 b5 9. a3 Qc7 10. Be3 Nbd7 11. Qd2 Re8 12. d5 a5 13. Rfd1 Ra6 14. Qd3 Nc5 15. Bxc5 dxc5 16. d6 Qd8 17. Qe3 c4 18. Rd2 Be6 19. Rad1 Nd7 20. Kh2 f6 21. Ng1 Qb6 22. Qxb6 Rxb6 23. f4 Rb7 24. Rf2 Nc5 25. Rfd2 Rd7 26. Nce2 Red8 27. h4 Na4 28. f5 Bf7 29. Bh3 Bh6 30. fxg6 hxg6 31. Bxd7 Rxd7 32. c3 Bxd2 33. Rxd2 Nc5 34. Rd1 Nxe4 35. Kg2 Rxd6 36. Rxd6 Nxd6 37. Kf2 Ne4+ 38. Ke3 Nc5 39. Kd2 Be6 40. Nf3 Bg4 41. Nh2 Bxe2 42. Kxe2 Nd3 43. b4 axb4 44. axb4 c5 45. bxc5 Nxc5 46. Ng4 Kf7 47. Nf2 f5 48. Ke3 Ke6 49. Kf3 Nd3 50. Nd1 e4+ 51. Ke2 Ke5 52. Ne3 f4 53. gxf4+ Nxf4+ 54. Kf2 Nd5 55. Nxd5 Kxd5 56. Ke2 b4 57. cxb4 c3 58. Ke3 Kc4 59. Kxe4 c2 0-1